00496nam a2200181Ia 450000500170000000800410001702000150005808200130007310000150008624500340010126000280013530000130016365000110017665000130018794200060020095200950020699900130030120240701053002.0240331s9999 xx 000 0 und d a0415116872 a149bONE aO'Neill, J 4aThe poverty of post modernism aLondonbRoutledgec1995 a205 p ., aSocial apolitics cL 001040708LaWERCLbWERCLcSSCd2024-03-31l0o 149 ONEp2848r2024-03-31w2024-03-31yL c739d739